| 000 | 00000nam 2200000zi 4500 |
| 001 | 9.945721 |
| 003 | CaOODSP |
| 005 | 20241128123547 |
| 006 | m o d f |
| 007 | cr |n |||||||| |
| 008 | 241128t19951995onc ob f000 0 eng d |
| 020 | |z0662618750 |
| 040 | |aCaOODSP|beng|erda|cCaOODSP |
| 041 | |aeng|afre |
| 043 | |an-cn--- |
| 086 | 1 |aSN3-303/1995-PDF|zSN3-303/1995 |
| 100 | 1 |aBell, Sandra M., |eauthor. |
| 245 | 10|aVictory bonding : |bwartime messages from Canada's government 1939-1945: a bibliography = Victoire oblige : les messages du gouvernement canadien pendant la guerre 1939-1945 : une bibliographie / |cSandra M. Bell. |
| 246 | 11|aVictoire oblige : |bles messages du gouvernement canadien pendant la guerre 1939-1945 : une bibliographie |
| 264 | 1|aOttawa : |bNational Library of Canada, National Archives of Canada = Bibliothèque nationale du Canada, Archives nationales du Canada, |c1995 |
| 264 | 4|c©1995 |
| 300 | |a1 online resource (15 pages) |
| 336 | |atext|btxt|2rdacontent |
| 337 | |acomputer|bc|2rdamedia |
| 338 | |aonline resource|bcr|2rdacarrier |
| 500 | |aDigitized edition from print [produced by Government of Canada Publications Directorate]. |
| 546 | |aText in English and in French. |
| 650 | 0|aWorld War, 1939-1945|zCanada|vBibliography. |
| 651 | 0|aCanada|xPolitics and government|y1935-1948|vBibliography. |
| 651 | 0|aCanada|xHistory|y1939-1945|vBibliography. |
| 655 | 7|aBibliographies|2lcgft |
| 710 | 1 |aCanada.|bNational Library of Canada, |eissuing body. |
| 710 | 2 |aNational Archives of Canada, |eissuing body. |
| 792 | |tVictory bonding : |efre|w(CaOODSP)9.945723 |
| 856 | 40|qPDF|s1.62 MB|uhttps://publications.gc.ca/collections/collection_2024/bac-lac/SN3-303-1995.pdf |